|
|
|
|
| LEADER |
00000nam0a2200000 4500 |
| 001 |
234141 |
| 005 |
20231101231310.0 |
| 010 |
|
|
|b 30000 экз.
|
| 035 |
|
|
|a (RuTPU)RU\TPU\book\255241
|
| 090 |
|
|
|a 234141
|
| 100 |
|
|
|a 20130318d1985 m y0rusy50 ca
|
| 101 |
1 |
|
|a rus
|c fre
|
| 102 |
|
|
|a RU
|
| 105 |
|
|
|a a z 000ay
|
| 200 |
1 |
|
|a Манон Леско
|e роман
|e пер. с фр.
|f А. Ф. Прево
|g пер. М. Петровский ; худож. А. С. Бакулевский
|
| 210 |
|
|
|a Устинов
|c Удмуртия
|d 1985
|
| 215 |
|
|
|a 320 с.
|c ил.
|d 14,5 см.
|
| 300 |
|
|
|a Авт. указан на корешке
|
| 300 |
|
|
|a В суперобложке.
|
| 610 |
1 |
|
|a французская литература
|
| 610 |
1 |
|
|a романы
|
| 610 |
1 |
|
|a 18 век
|
| 610 |
1 |
|
|a миниатюрные издания
|
| 686 |
|
|
|a Ч611.68
|v LBC/SL-A
|2 rubbk
|
| 700 |
|
1 |
|a Прево
|b А. Ф.
|c французский писатель
|f 1697-1763
|g Антуан Франсуа
|2 stltpush
|3 (RuTPU)RU\TPU\pers\38081
|4 070
|9 20660
|
| 702 |
|
1 |
|a Петровский
|b М.
|4 730
|
| 702 |
|
1 |
|a Бакулевский
|b А. С.
|4 440
|
| 801 |
|
1 |
|a RU
|b 63413507
|c 20130318
|
| 801 |
|
2 |
|a RU
|b 63413507
|c 20170313
|g RCR
|
| 942 |
|
|
|c BK
|